000 00251nam a22001217a 4500
082 _a080
_bMAT/T
100 _aMATHUR, DINESH
245 _aGROUP DISCUSSIONS
260 _aDELHI
_bBOOKHIVE
300 _a234
650 _aEDUCATIONAL
_zINDIA
942 _cBK
999 _c5431
_d5431